Misterio en París /

¿Qué secreto se oculta tras el robo de la colección de moda de Julie? Las chicas del Club de Tea van a París de vacaciones, pero allí tendrán que enfrentarse a un nuevo e inquietante misterio. Para resolverlo, nuestras amigas darán caza al ladrón bajo las sombras de la Torre Eiffel.

Guardado en:
Autor Principal: Stilton, Tea.
Formato: Libro
Idioma:Undetermined
Publicado: Buenos Aires : Destino, 2015.
Edición:3a ed.
Series:Tea Stilton ; 4
Materias:
Etiquetas: Agregar Etiqueta
Sin Etiquetas, Sea el primero en etiquetar este registro!
LEADER 01015nam a22002295a 4500
001 CEM.cems020874
008 240306s2015####ag############000#0#und#d
005 20240306163349.0
245 1 0 |a Misterio en París /  |c Tea Stilton. 
250 |a 3a ed. 
260 |a Buenos Aires :  |b Destino,  |c 2015. 
300 |a 224 p. 
490 1 |a Tea Stilton ;  |v 4 
500 |a Inspirado en una idea original de Elisabetta Dami, autora de Geronimo Stilton. 
500 |a Título original: Mistero a Parigi. 
520 |a ¿Qué secreto se oculta tras el robo de la colección de moda de Julie? Las chicas del Club de Tea van a París de vacaciones, pero allí tendrán que enfrentarse a un nuevo e inquietante misterio. Para resolverlo, nuestras amigas darán caza al ladrón bajo las sombras de la Torre Eiffel. 
020 |a 9789507321870 
100 1 |a Stilton, Tea. 
653 |a Literatura infantil 
653 |a Literatura italiana 
653 |a Novela infantil 
859 |a CEMS  |b BIB. CEMS - Inicial y Primaria  |h 853.9  |i St549  |k IP  |p 6165  |t Ej.1